00590nam a2200205Ia 4500003000400000005001700004008004100021020001800062040001800080041000800098082001800106100002100124245006500145250001200210260005300222300002700275650003100302650002600333650002500359OSt20260314090704.0210716s2012 xx 000 0 und d a9789380381237 cAIMIT LIBRARY aeng a658.404bHALJ aHallows, Jolyon. aInformation systems project management /cBy Jolyon Hallows. a2nd ed. aNew Delhi :bYes Dee Publishing Pvt Ltd ,c2012. axv,286 p.;bPBc23 cm. aUnderstanding the projects aDefining the projects aPlanning the project